ბათუმის შოთა რუსთაველის სახელმწიფო უნივერსიტეტის ბიბლიოთეკა

საუბრები ლიტერატურაზე : ლიტინტერვიუები თითქმის მსგავსი შეკითხვებით : (ბიბ.ჩანაწერი № 52706)

000 -ლიდერი
ფიქსირებული სიგრძის საკონტროლო ველი 02078nam a2200277Ia 4500
001 - საკონტროლო ნომერი
საკონტროლო ველი 19731
003 - საკონტროლო ნომრის იდენტიფიკატორი
საკონტროლო ველი GE_BSU
005 - ბოლო ოპერაციის თარიღი და დრო
საკონტროლო ველი 20200412152315.0
008 - ფიქსირებული სიგრძის მონაცემთა ელემენტები - ზოგადი ინფორმაცია
ფიქსირებული სიგრძის საკონტროლო ველი 181216s2012||||ge |||||||||||||| ||geo||
020 ## - წიგნის საერთაშორისო სტანდარტული ნომერი
International Standard Book Number 9789941050909
040 ## - კატალოგიზაციის წყარო
Transcribing agency GE_BSU
041 ## - ენის კოდი
Language code of text/sound track or separate title geo
080 ## - უნივერსალური ათობითი კლასიფიკაციის ინდექსი
Universal Decimal Classification number 821.353.1-83 ს-27
245 ## - ცნობა სათაურის შესახებ
Title საუბრები ლიტერატურაზე : ლიტინტერვიუები თითქმის მსგავსი შეკითხვებით :
Remainder of title კრებული /
264 ## - წარმოების, გამოცემის, დისტრიბუციის და სხვა ცნობები
გამოცემის, წარმოების, დისტრიბუციის... ადგილი თბილისი :
გამოცემის, წარმოების, დისტრიბუციის... სახელწოდება საქართველოს პარლამენტის ეროვნული ბიბლიოთეკა,
გამოცემის, წარმოების, დისტრიბუციის... თარიღი 2012.
300 ## - ფიზიკური აღწერა
Extent 261 გვ. ;
Dimensions 20 სმ.
490 ## - სერიის ცნობა
Series statement ლიტერატურული ფორუმი "ებლიტფო"
520 ## - SUMMARY, ETC.
Summary, etc კრებულში შესულია ეროვნულ ბიბლიოთეკაში განხორციელებული ელექტრონული პროექტების ,,ორი კითხვა 140ლიტერატურის მოყვარულს"-ბეჭდური ვერსია.
653 ## - INDEX TERM--UNCONTROLLED
Uncontrolled term განკუთვნილია მათთვის ვისაც უყვარს ლიტერატურა
653 ## - INDEX TERM--UNCONTROLLED
Uncontrolled term ლიტერატურული ინტერვიუები
653 ## - INDEX TERM--UNCONTROLLED
Uncontrolled term ქართული ლიტერატურა
653 ## - INDEX TERM--UNCONTROLLED
Uncontrolled term კრებული
653 ## - INDEX TERM--UNCONTROLLED
Uncontrolled term კრებულში შესულია ეროვნულ ბიბლიოთეკაში განხორციელებული ელექტრონული პროექტების ,,ორი კითხვა 140ლიტერატურის მოყვარულს"-ბეჭდური ვერსია
710 ## - ADDED ENTRY--CORPORATE NAME
Corporate name or jurisdiction name as entry element საქართველოს პარლამენტის ეროვნული ბიბლიოთეკა
9 (RLIN) 7897
942 ## - ADDED ENTRY ELEMENTS (KOHA)
Koha item type წიგნი
Source of classification or shelving scheme
ეგზემპლარები
ჩამოწერის სტატუსი დაკარგული ეგზემპლარის სტატუსი კლასიფიკაციის წყარო ან თაროზე გაწყობის სქემა დაზიანების სტატუსი არ გაიცემა მუდმივი მდებარეობა (დაცვის ადგილი) ამჟამინდელი ადგილსამყოფელი თაროზე განთავსების ადგილი შეძენის თარიღი სრული შენახვის შიფრი შტრიხკოდი ბოლო ოპერაციის თარიღი ეგზემპლარის მიმდევრობითი ნომერი (კეტერი?) ფასის ძალაში შესვლის თარიღი ეგზემპლარის სახეობა
          ბათუმის შოთა რუსთაველის სახელმწიფო უნივერსიტეტის მთავარი ბიბლიოთეკა ბათუმის შოთა რუსთაველის სახელმწიფო უნივერსიტეტის მთავარი ბიბლიოთეკა წიგნსაცავი 2018-12-17 821.353.1-83 ს-27 52068 2018-12-17 52068 2018-12-17 წიგნი